书目信息 |
| 题名: |
乔姆斯基
|
|
| 作者: | 格林 著 ;方立 , 张景智 译 | |
| 分册: | ||
| 出版信息: | 北京 中国社会科学出版社 1990 |
|
| 页数: | 270页 | |
| 开本: | 18cm | |
| 丛书名: | 外国著名思想家译丛 | |
| 单 册: | ||
| 中图分类: | H0-06 | |
| 科图分类: | ||
| 主题词: | 转换--生成语法--研究 , 生成语法--转换--研究 , 心理语言学 | |
| 电子资源: | ||
| ISBN: | 7-5004-0651-7 | |
| 000 | 01135oam2 2200325 45 | |
| 001 | TLS9400556 | |
| 005 | 20061102143334.39 | |
| 009 | TLS9400556 | |
| 010 | @a7-5004-0651-7@dCNY3.05 | |
| 100 | @a19940324d1990 ekmy0chiy0120 ea | |
| 101 | 1 | @achi@ceng |
| 102 | @aCN@b110000 | |
| 105 | @ay z 000yd | |
| 200 | 1 | @a乔姆斯基@AQiao Mu Si Ji@f(美)J·格林著@F(Mei )J·Ge Lin Zhu@g方立, 张景智译 |
| 210 | @a北京@c中国社会科学出版社@d1990 | |
| 215 | @a270页@c图@d18cm | |
| 225 | 2 | @a外国著名思想家译丛@e文库版@f张晓明主编 |
| 300 | @a据英国企鹅丛书1972年英文版译出。 | |
| 410 | 0 | @12001 @a外国著名思想家译丛(文库版)@AWai Guo Zhu Ming Si Xiang Jia Yi Cong (Wen Ku Ban ) |
| 454 | 1 | @12001 @aPsycholinguistics@1701 1@aGreene,@bJudith |
| 600 | 1 | @a乔姆斯基@g(Chomsky, Noan Avran),@f1928-@x转换-生成语法@x研究 |
| 606 | @a转换--生成语法@x研究 | |
| 606 | @a生成语法--转换@x研究 | |
| 606 | @a心理语言学 | |
| 690 | @aH0-06@v3 | |
| 701 | 1 | @a格林@AGe Lin@g(Greene, Judith )@4著 |
| 702 | 0 | @a方立@AFang Li@4译 |
| 702 | 0 | @a张景智@AZhang Jing Zhi@4译 |
| 801 | 0 | @aCN@bTSSF@c20061102 |
| 905 | @a10447@dH0-06@e62 | |
| 乔姆斯基/(美)J·格林著/方立, 张景智译.-北京:中国社会科学出版社,1990 |
| 270页:图;18cm.-(外国著名思想家译丛:文库版/张晓明主编) |
| 据英国企鹅丛书1972年英文版译出。.-译自: |
| ISBN 7-5004-0651-7:CNY3.05 |
| ● |
| 相关链接 |
|
|
|
|
正题名:乔姆斯基
索取号:H0-06/62
 
预约/预借
| 序号 | 登录号 | 条形码 | 馆藏地/架位号 | 状态 | 备注 |
| 1 | 0232782 | 202434758 | 第二样本阅览室/ [索取号:H0-06/62] | 在馆 |